Cram 101 Textbook Outlines to Accompany Financial Accounting Theory (Record no. 5314)

MARC details
005 - DATE AND TIME OF LATEST TRANSACTION
control field 20250626122404.0
020 ## - INTERNATIONAL STANDARD BOOK NUMBER
International Standard Book Number 1428826718
082 ## - DEWEY DECIMAL CLASSIFICATION NUMBER
Classification number 658.48 SCO
100 ## - MAIN ENTRY--PERSONAL NAME
Author name SCOTT, W .
245 ## - TITLE STATEMENT
Title Cram 101 Textbook Outlines to Accompany Financial Accounting Theory
250 ## - EDITION STATEMENT
Edition statement 5th Ed
260 ## - PUBLICATION, DISTRIBUTION, ETC.
Place of publication, distribution, etc. London,
Name of publisher, distributor, etc. A Cram 101,
Date of publication, distribution, etc. 2010.
300 ## - PHYSICAL DESCRIPTION
Extent 180P.: ill.;
Dimensions 28cm.
856 ## - ELECTRONIC LOCATION AND ACCESS
Link text Access Online Book
Electronic name Financial Accounting
Path www.cram101.com
942 ## - ADDED ENTRY ELEMENTS (KOHA)
Source of classification or shelving scheme Dewey Decimal Classification
Koha item type Books
Holdings
Date last seen Total checkouts Full call number Barcode Cost, replacement price Price effective from Koha item type Lost status Source of classification or shelving scheme Damaged status Not for loan Withdrawn status Home library Current library Shelving location Date acquired Source of acquisition Cost, normal purchase price
06/26/2025   658.48 SCO MZA0002088 90000.00 06/26/2025 Books   Dewey Decimal Classification       CBE Mwanza CBE Mwanza General Collection 07/09/2011 Library Budget 30000.00